Normal view
MARC view
- الجرائم الالكترونية-الجرائم الجنائية-القانون
Entry Topical Term
001 - CONTROL NUMBER
- control field: 62820
003 - CONTROL NUMBER IDENTIFIER
- control field: JO-AjAnu
005 - DATE AND TIME OF LATEST TRANSACTION
- control field: 20230606084246.0
008 - FIXED-LENGTH DATA ELEMENTS
- fixed length control field: 230606|| aca||aabn | a|a d
040 ## - CATALOGING SOURCE
- Original cataloging agency: JO-AjAnu
- Transcribing agency: JO-AjAnu
150 ## - HEADING--TOPICAL TERM
- Topical term or geographic name entry element: الجرائم الالكترونية-الجرائم الجنائية-القانون
670 ## - SOURCE DATA FOUND
- Source citation: Work cat.: (JO-AjAnu)32032: محمود، عبدالله ذيب، م. مشارك اسامة اسماعيل دراج, author 62819, الوجيز في الجرائم الالكترونية: القواعد الموضوعية والإجرائية